00667 2200229 4500001002100000005001500021035002000036007000300056008004100059020001700100082001100117084001700128100002000145245010500165250001200270260003400282300002600316700003000342600002500372990002400397990001600421INLIS00000000000286620260530111756 a0010-0820000018ta260530 0  a979-222565-x a658.85 a658.85 LOI s0 aLois P. Franken1 aSee Jane Lead :b99 Liat Sukses Memimpin Bagi Perempuan /cLois P. Franke; penerjemah, July Sucianto a.-Cet.1 a.--Jakarta :bGramedia,c2007 axx, 262 hlm. ;c23 cm0 apenerjemah, July Sucianto 4aWanita dalam profesi a11627/BR/KAPD-PDG09 a30.500/DPK/